All-Japan: the catalogue of everything japanese

Guardat en:
Dades bibliogràfiques
Format: Llibre
Idioma:anglès
Publicat: Nueva York Quill 1984
Matèries:
Etiquetes: Afegir etiqueta
Sense etiquetes, Sigues el primer a etiquetar aquest registre!

MARC

LEADER 00000nam a2200000 a 4500
001 UCY5286
003 CL-VaPUC
008 950421e19840000US |||||||||||||||||eng|d
082 0 4 |a 306.4  |b ALL  |2 21 
245 1 0 |a All-Japan: the catalogue of everything japanese 
300 |a 224 p 
942 |c BK 
945 |d 19950421 00:00:00  |a rbrito 
260 |a Nueva York  |b Quill  |c 1984 
650 0 |a Cultura japonesa   |9 333979 
650 0 |a Historia  |9 255047 
651 0 |a Japón   |9 260391 
583 |a last modification  |c 19950421 00:00:00  |k Rodrigo Vera 
999 |c 232979  |d 232977 
952 |0 0  |1 0  |4 0  |6 306_400000000000000_ALL_1984  |7 0  |8 A  |9 238007  |a BIBGIM  |b BIBGIM  |d 2019-11-18  |i 3079244  |o 306.4 ALL 1984  |p 3079244  |r 2025-01-15  |w 2019-11-18  |y BK  |k ORI